000
00429nam a2200145Ia 4500
008
090123s9999 xx 000 0 und d
082
_b
25622
245
_a
नागराज और बुगाकु
250
_a
0
260
_b
राज पॉकेट बुक्स
300
_a
64
630
_a
नागराज और बुगाकु
730
_a
नागराज और बुगाकु
942
_c
BOOK
999
_c
63693
_d
63693